000 01800cam a22004814i 4500
003 PE-LiUPU
005 20250731173100.0
008 150623s1994 tnua rb 000 0 eng d
020 _a0805420185
035 _a(Sirsi) i9780805420180
040 _aPE-LiUPU
_bspa
_cPE-LiUPU
_erda
049 _aPRUA
082 0 4 _a254.5
_bH491a
_223
100 1 _aHemphill, Ken S.,
_d1948-
_eautor.
245 1 4 _aThe antioch effect :
_b8 characteristics of highly effective churches /
_cKen Hemphill.
264 1 _aNashville, TN :
_bBroadman & Holman Publishers,
_c1994.
300 _a228 páginas :
_bilustraciones ;
_c23 centímetros.
336 _atext
_2rdacontent
337 _aunmediated
_2rdamedia
338 _avolume
_2rdacarrier
490 0 _a(A Professional Development Book)
504 _aIncluye bibliografía.
505 0 _aNot another church growth book: supernatural power -- Christ-exalting worship -- God-Connecting prayer -- Servant leaders, Kingdom family relationships, God-sized vision -- Passion for the lost -- Maturation of believers -- Growth, a ten-step process.
526 _aSEG42
526 _aSEG41
526 _aSEG40
526 _aSEG39
526 _aP94
526 _aP87
526 _aP86
526 _aP85
526 _aP77
526 _aP76
526 _aP35
650 1 4 _aCrecimiento de iglesia.
650 2 4 _aLiderazgo cristiano.
942 _2ddc
_cBK
_n0
949 _a254.5 H491a
_wDEWEY
_c1
_i48836
_lCCODEBUL1
_mBUL
_r0
_sY
_tBOOK
_u2015-6-24
_xTEOLOGIA
_0COMPRA
_o.STAFF. Colección General
949 _a254.5 H491a
_wDEWEY
_c2
_i50395
_lCCODEBUL1
_mBUL
_r0
_sY
_tBOOK
_u2015-6-24
_xTEOLOGIA
_0COMPRA
_o.STAFF. Colección General
980 _81
_gALBERTO SANCHEZ Responsable de Automatización
999 _c27998
_d27998